[Event "NED-ch Women 2021"]
[Site "Hoogeveen"]
[Date "2021.10.18"]
[Round "2.3"]
[White "Keetman, Maaike"]
[Black "Kazarian, Anna-Maja"]
[Result "1/2-1/2"]
[WhiteElo "2145"]
[BlackElo "2125"]
[Annotator "TA"]
[PlyCount "78"]
[EventDate "2021.10.17"]
[EventType "tourn"]
[EventCountry "NED"]
[SourceTitle "playchess.com"]
[Source "ChessBase"]
[SourceQuality "1"]

{[%evp 22,78,28,20,15,20,19,18,5,0,24,0,28,14,0,0,2,4,8,7,20,-5,-12,-28,-25,-35,-31,-51,-37,-27,-32,-23,-18,-44,-44,-44,-40,-102,-44,-44,-44,-44,-37,-61,-16,-21,-22,-23,-24,-21,-10,-8,0,-4,0,-9,0,-8,0]} 1. e4 c5 2. Nf3 e6 3. d4 cxd4 4. Nxd4 Nf6 5. Nc3 Nc6 6. Nxc6 bxc6 7. e5 Nd5 8. Ne4 Qc7 9. f4 Qb6 10. c4 Bb4+ {10...Bb4+ is better than 10...Ne3.} 11. Ke2 f5 12. exf6 Nxf6 {[#] B45: Sicilian Four Knights.} 13. Be3 $1 Qd8 14. Nd6+ Bxd6 15. Qxd6 Bb7 {[#]} 16. b3 $146 ({Predecessor:} 16. Kd1 c5 17. Qxc5 Be4 18. Be2 d6 19. Qd4 O-O 20. Kc1 Qc7 21. b3 e5 22. fxe5 dxe5 {1-0 (33) Vachier Lagrave,M (2749)-Praggnanandhaa,R (2608) Krasnaya Polyana 2021}) 16... a5 (16... Rc8 $5 {[%cal Rc6c5]}) 17. Rd1 Rc8 18. Bc5 {Kf3 is the strong threat.} Ne4 19. Qe5 Nxc5 20. Qxc5 Rf8 21. Qh5+ (21. g3 {is more complex.} Qe7 22. Qe3 c5 23. Rg1 a4 24. Bg2) 21... Rf7 22. Qxh7 Qf6 23. Qe4 d5 24. Qe3 Qxf4 25. Qxf4 Rxf4 26. g3 Re4+ 27. Kd3 c5 {Threatens to win with ...dxc4+.} 28. cxd5 Bxd5 {Strongly threatening ...Rd4+.} 29. Kc2 {[#]} (29. Kc3 $15) 29... c4 (29... Ke7 $1 $17 30. Rd2 Rd4) 30. bxc4 $15 Bxc4 31. Bxc4 Rcxc4+ {[%mdl 4096] Endgame KRR-KRR} 32. Kd3 Ra4 33. Rde1 Red4+ 34. Kc3 Rac4+ 35. Kb2 Ke7 {The position is equal.} 36. Re2 Rb4+ 37. Kc3 Rbc4+ 38. Kb2 Rb4+ 39. Kc3 Rbc4+ {Weighted Error Value: White=0.09/Black=0.08} 1/2-1/2

[Event "NED-ch Women 2021"]
[Site "Hoogeveen"]
[Date "2021.10.18"]
[Round "2.4"]
[White "Roebers, Eline"]
[Black "Ratsma, Rosa"]
[Result "0-1"]
[WhiteElo "2283"]
[BlackElo "2297"]
[Annotator "TA"]
[PlyCount "92"]
[EventDate "2021.10.17"]
[EventType "tourn"]
[EventCountry "NED"]
[SourceTitle "playchess.com"]
[Source "ChessBase"]
[SourceQuality "1"]

{[%evp 12,92,25,7,8,16,18,12,4,6,9,0,4,7,0,-35,-37,-36,30,-14,47,43,54,21,33,18,26,-179,-177,-172,-158,-167,-165,-172,-177,-194,-102,-102,-116,-97,-50,-61,110,23,18,0,0,0,0,-171,-162,-163,-127,-227,-210,-276,-243,-278,-282,-267,-241,-301,-243,-219,0,-349,-341,-314,-328,-783,-772,-29975,-29976,-29975,-29976,-29986,-29987,-29987,-29988,-29988,-29989,-29989,-29980]} 1. e4 c5 2. Nf3 d6 3. d4 cxd4 4. Nxd4 Nf6 5. Nc3 a6 6. Bg5 Nbd7 7. Bc4 Qb6 {B94: Sicilian Najdorf: 6 Bg5 Nbd7.} 8. Bb3 e6 9. Qd2 Be7 {The position is equal.} 10. O-O-O Nc5 11. Rhe1 {aiming for Nf5! outshines the older 11.f3.} h6 12. Bh4 O-O 13. Qe2 Qc7 {[#]} 14. Bg3 $146 ({Predecessor:} 14. e5 dxe5 15. Qxe5 Qxe5 16. Rxe5 Rd8 17. Bc4 g5 18. Bg3 b5 19. Be2 Bb7 20. Bf3 Bxf3 21. Nxf3 {0-1 (43) Dunne,A (2285)-Rodriguez,K (2379) ICCF email 2011}) 14... Nfd7 (14... b5 $15) 15. a3 Ne5 (15... b5 $11) 16. Ba2 $14 Bf6 17. f4 Nc6 {[%cal Rc6d4]} 18. Bf2 b5 19. Ndxb5 $2 (19. e5 $11 Nxd4 20. Bxd4 (20. Rxd4 dxe5 21. fxe5 Be7 $11) 20... dxe5 21. Bxe5 Bxe5 22. Qxe5 Qxe5 23. Rxe5) 19... axb5 $19 20. e5 dxe5 {...Nd4 is the strong threat.} 21. Bxc5 Nd4 22. Bxd4 exd4 23. Ne4 Qxf4+ (23... Be7 $1 $19 24. Bb3 Qxf4+ 25. Kb1 b4) 24. Kb1 $17 Be7 {White must now prevent ...b4.} 25. Rxd4 b4 26. axb4 e5 $2 {[#]} (26... Qxh2 $15 27. Bb3 Qc7) 27. Rf1 $1 {[%mdl 512]} Qxh2 $11 28. Rd3 Rxa2 29. Kxa2 Ba6 30. Rff3 $2 (30. Nc5 $11 {and White stays safe.} Bc4+ 31. b3 Bxd3 32. Nxd3) 30... Bxb4 ({Much less strong is} 30... Bxd3 31. Rxd3 Bxb4 32. Nf6+ Kh8 33. Nd7 $17) 31. Nf6+ {[#]} Kh8 $1 ({Inferior is} 31... gxf6 32. Rg3+ Kh8 33. Qg4 Bc4+ 34. b3 Ra8+ 35. Kb2 Ba3+ 36. Kc3 Bb2+ 37. Kxb2) 32. Qe4 Bxd3 $19 33. Rxd3 {[%csl Gf6][%cal Re4h7]} gxf6 34. Qxb4 {[%mdl 4096] Endgame KQR-KQR} Ra8+ 35. Kb3 Qxg2 36. Qh4 Rb8+ 37. Ka2 {[#]} Ra8+ $2 ({Wrong is} 37... Qxc2 $2 38. Qxf6+ Kg8 39. Rg3+ Qg6 40. Rxg6+ $18) (37... Qg5 $1 $19 {[%cal Rg5h4]} 38. Qh2 Qc1) 38. Ra3 $2 {[%mdl 8192]} (38. Kb3 $1 $11) 38... Rxa3+ 39. Kxa3 {KQ-KQ} Kg7 40. c3 $2 (40. c4) 40... e4 41. b4 e3 {Black mates.} 42. b5 e2 43. b6 Qg1 44. b7 e1=Q 45. Qxe1 Qxe1 46. b8=Q Qxc3+ {Weighted Error Value: White=0.65/Black=0.22} 0-1

[Event "NED-ch Women 2021"]
[Site "Hoogeveen"]
[Date "2021.10.19"]
[Round "3.1"]
[White "Ratsma, Rosa"]
[Black "Van Foreest, Machteld"]
[Result "1/2-1/2"]
[WhiteElo "2297"]
[BlackElo "2132"]
[Annotator "TA"]
[PlyCount "55"]
[EventDate "2021.10.17"]
[EventType "tourn"]
[EventCountry "NED"]
[SourceTitle "playchess.com"]
[Source "ChessBase"]
[SourceQuality "1"]

{[%evp 10,55,38,53,75,17,58,65,85,47,67,72,63,35,82,80,97,84,120,109,104,80,107,78,82,89,120,91,164,157,139,122,167,99,116,118,112,5,16,0,103,0,9,0,122,0,0,0]} 1. e4 e6 2. d4 d5 3. Nc3 Nf6 4. Bg5 h6 5. Bxf6 Qxf6 6. exd5 Bb4 {C12: French: Classical System: McCutcheon Variation.} 7. Bc4 (7. Bb5+ $16 Bd7 8. Bxd7+ Nxd7 9. dxe6 Qxe6+ 10. Qe2) 7... Bxc3+ 8. bxc3 {[#]} O-O $146 {White is slightly better.} ({Predecessor:} 8... exd5 9. Qe2+ Qe6 10. Bxd5 Qxe2+ 11. Nxe2 Bg4 12. Bxb7 Bxe2 13. Kxe2 O-O 14. Bxa8 c6 {1-0 (31) Johnson,K-Hodds,M WCCF email 2000}) 9. Ne2 exd5 10. Bxd5 Rd8 11. Bf3 Nd7 12. O-O c6 13. Ng3 Nc5 14. Re1 Na4 15. Ne4 Qg6 16. Qd2 Be6 17. Ng3 Rd7 18. Re4 Rad8 (18... Nb6 $16) 19. Rae1 $18 Nb6 {[%cal Ba4b6,Bb6d5,Bd5f4][%mdl 32]} 20. h4 Nd5 21. h5 (21. a4 $18) 21... Qg5 {[#]} 22. Qd3 Nf4 23. Qe3 (23. Qd1 $16) 23... Nd5 $11 24. Qd3 (24. Qxg5 $11 hxg5 25. Bg4) 24... Nf4 $16 25. Qe3 ({White should try} 25. Qd1 $16) 25... Nd5 $11 26. Qd3 (26. Qxg5 $11 hxg5 27. Ne2) 26... Nf4 $16 {[#]} 27. Qe3 (27. Qd1 $1 $16) 27... Nd5 $11 28. Qd3 {Weighted Error Value: White=0.36/Black=0.16} 1/2-1/2

[Event "NED-ch Women 2021"]
[Site "Hoogeveen"]
[Date "2021.10.19"]
[Round "3.2"]
[White "Kazarian, Anna-Maja"]
[Black "Roebers, Eline"]
[Result "0-1"]
[WhiteElo "2125"]
[BlackElo "2283"]
[Annotator "TA"]
[PlyCount "158"]
[EventDate "2021.10.17"]
[EventType "tourn"]
[EventCountry "NED"]
[SourceTitle "playchess.com"]
[Source "ChessBase"]
[SourceQuality "1"]

{[%evp 14,158,29,35,231,240,368,356,385,400,405,394,390,225,235,0,0,-85,-88,-39,-43,-161,-106,-97,-79,-74,-72,-232,-108,-201,-182,-210,-207,-222,-182,-176,-87,-76,0,0,0,0,17,8,35,25,82,61,81,79,135,121,137,49,53,19,31,54,229,212,225,217,227,179,179,77,52,29,30,28,27,8,8,0,0,0,0,0,2,0,0,0,8,8,8,0,0,0,33,20,26,0,0,-5,0,0,0,0,0,-289,-289,-289,-289,-289,-283,-282,-282,-318,-156,-318,-263,-248,-8,-8,-8,-8,-8,-8,-8,-8,-8,-29966,-29967,-29962,-29965,-12825,-8,-8,-8,-29979,-29980,-29980,-29981,-29981,-29982,-29982,-29983,-29983,-29984,-29984,-29985,-29985,-29986,-29986,-29987,-29987,-29987]} 1. e4 c5 2. Nc3 Nc6 3. Bb5 Nd4 4. Bc4 g6 5. Nf3 Bg7 6. Nxd4 cxd4 7. Qf3 e6 8. Nb5 Qb6 {B23: Closed Sicilian: Lines without g3.} (8... d5 $14 9. Qg3 (9. exd5 a6 $11) 9... dxc4 10. Nc7+ {[%mdl 64] Double Attack} Kd7 11. Nxa8 Ne7) 9. Qf4 $1 $18 Nf6 {[#]} (9... Qc5 $142) 10. Nc7+ $146 {[%mdl 64] Double Attack} ({Predecessor:} 10. Nd6+ Ke7 11. e5 Nh5 12. Qh4+ f6 13. d3 Qa5+ 14. Kd1 Qxe5 15. Nb5 Kf7 16. Re1 {1-0 (57) D'Andrea,S (2117)-Stips,F (2061) Rome 2007}) 10... Kd8 {White is winning.} 11. Nxa8 Qc6 12. d3 b5 13. e5 Nh5 14. Qxf7 (14. Qh4+ $18 Ke8 15. Bxb5 $1 {[%mdl 512]} (15. Qxd4 bxc4 16. Qxa7 cxd3 $16) 15... Qxa8 16. O-O (16. Qxd4 Qxg2 17. Qe4 Qxe4+ 18. dxe4 Bxe5 $16)) 14... Qxg2 $11 15. Bd2 Bb7 $1 $17 (15... Qxh1+ $6 16. Ke2 $11) 16. O-O-O bxc4 17. Ba5+ (17. dxc4 $15 Bxa8 18. Rhe1) 17... Kc8 18. Nc7 Bxe5 {...cxd3 is the strong threat.} 19. Nxe6 Qd5 {[%mdl 64] Pin} 20. Rhe1 $2 c3 (20... Qxa5 21. dxc4 d3 22. cxd3 $17) (20... cxd3 $1 $19 21. Nd8 Bf4+ 22. Kb1 dxc2+ 23. Kxc2 Qc5+ 24. Kb1 Bd5) 21. Nd8 Qxa5 $19 22. Nxb7 Qb6 {[%csl Gc3][%cal Rb6b2]} (22... Kxb7 23. Qxd7+ Kb8 24. Qe6) 23. b3 Bf4+ 24. Kb1 Qxb7 ({Worse is} 24... Kxb7 25. Qxd7+ Bc7 26. Re6 $11) (24... Nf6 $1 $19 25. Na5 Qxa5 26. Qc4+ (26. Qxf6 $2 Qa3 $19) 26... Kb7 27. Qxd4 {[%mdl 64] Double Attack} Bd2) 25. Qc4+ $17 Kb8 (25... Qc7 $17 26. Qxd4 Rf8) 26. Qxd4 $11 Rc8 27. Re7 {[%mdl 64] Double Attack} Qa6 {Strongly threatening ...Qa3.} 28. Qxd7 Nf6 29. Qd4 Bd6 (29... Bxh2 $11 {remains equal.} 30. a4 Qb6 31. Qxb6+ axb6) 30. Re6 $1 $16 {[%cal Re6f6]} (30. Qxf6 $2 Qa3 $19) 30... Rc6 $1 31. a4 $1 (31. Qxf6 $2 Qa3 $19) 31... Nd7 (31... Bc7 $142 32. Rxc6 Qxc6) 32. Rde1 Qb6 33. Qd5 (33. Qh8+ $16 Kc7 34. R6e4 (34. Qxh7 Qc5 $17)) 33... Kc7 $14 34. R1e4 {aiming for b4!} Qc5 35. Qd4 Kb7 $2 (35... a5 $14) 36. b4 {[%cal Bb3b4,Bb4b5][%mdl 32]} Qxd4 37. Rxd4 Kc7 38. b5 Rb6 39. Rc4+ (39. Ka2 $1 $18 {and White stays clearly on top.}) 39... Kd8 $16 40. h4 Nf8 $1 {[%cal Rf8e6]} 41. Ree4 a6 $1 42. Rxc3 axb5 43. Rb3 b4 44. c3 {[%cal Rc3b4]} Ra6 $1 45. cxb4 Rxa4 46. Kc2 Nd7 47. b5 Ra1 {White should prevent ...Nc5.} (47... Ra2+ {seems wilder.} 48. Rb2 Ra7 49. b6 Rb7 50. h5 gxh5 51. Rh4 Nxb6 52. Kd1 Bc5) 48. d4 Nb6 49. Rf3 Ra2+ 50. Kd3 Rb2 (50... Nd5 {is interesting.} 51. Rf7 Ra3+ 52. Kc2 Ra2+ 53. Kb3 Ra3+) 51. Rf7 {Hoping for Re6.} Rb3+ 52. Ke2 (52. Kc2 {keeps more tension.} Rxb5 53. Rxh7 Nd5 54. Re6 Ba3 55. Rf7) 52... Nd5 53. Kf1 (53. Kd1 {is interesting.} Rb4 54. Kc2 Rxb5 55. Re6 Rb6 56. Rxh7 Rc6+ 57. Kd1) 53... Rxb5 54. Rxh7 Nf4 55. Ke1 Rb2 {Threatens to win with ...Bb4+.} 56. d5 $2 {[%mdl 8192]} (56. Kf1 $11) 56... Bb4+ $19 ({Not} 56... Nxd5 57. Rd4 $11) 57. Rxb4 Rxb4 {[%mdl 4096] Endgame KRN-KR} 58. Kd2 Re4 ({Weaker is} 58... Nxd5 59. h5 $11) 59. d6 Re6 60. d7 Nh5 (60... Re2+ $19 {is more deadly.} 61. Kc3 Rxf2) 61. Kc3 $2 (61. Kd3 $17 {was forced.}) 61... Rd6 62. Kc4 Rxd7 $2 (62... Nf6 $19 63. Kc5 Ra6) 63. Rxd7+ $11 Kxd7 $19 {KN-KPP} 64. Kd5 $1 Ke7 (64... Ng7 {looks sharper.} 65. Ke5 Ke7 66. f4 Nf5 67. h5 Kf7) 65. Ke5 Nf6 (65... Kf7 $5 66. f4 $8 Ng7 $11) 66. Kf4 Kf7 {White must now prevent ...Kg7.} (66... Nh7 {is more complex.} 67. Ke5 Nf8 68. Kf4 Ne6+ 69. Kg4 Kf6) 67. f3 $2 {[%mdl 8192]} (67. Kg5 $11) 67... Kg7 $1 {[%cal Rg7h6]} 68. Ke5 {[#]} Nd7+ $1 69. Kd6 Nf8 $2 (69... Nb6 $19 70. Kc5 Na4+ 71. Kd4 Kh6) 70. Ke7 $11 Nh7 {And now ...Nf6 would win.} 71. f4 $2 {[%mdl 8192] [#]} (71. Ke6 $11) 71... Nf8 $1 {Black mates.} 72. Ke8 Ne6 73. Ke7 Nxf4 {KN-KP} 74. Kd6 Kh6 75. Ke5 Ng2 76. Ke4 Nxh4 77. Kf4 g5+ 78. Kg4 Kg6 79. Kg3 Kh5 {What a fight!  Weighted Error Value: White=0.36/Black=0.28} 0-1

[Event "NED-ch Women 2021"]
[Site "Hoogeveen"]
[Date "2021.10.19"]
[Round "3.3"]
[White "Haast, Anne"]
[Black "Keetman, Maaike"]
[Result "1/2-1/2"]
[WhiteElo "2310"]
[BlackElo "2145"]
[Annotator "TA"]
[PlyCount "114"]
[EventDate "2021.10.17"]
[EventType "tourn"]
[EventCountry "NED"]
[SourceTitle "playchess.com"]
[Source "ChessBase"]
[SourceQuality "1"]

{[%evp 18,114,2,-11,-6,-25,0,-14,4,-22,-18,0,-21,-14,-7,0,-14,-57,-50,-54,-12,-56,-27,-77,-83,-103,-93,-109,-110,-144,-132,-147,-112,-130,-36,-135,-80,-166,-120,-197,-178,-190,-179,-170,-95,-64,-20,-26,0,0,0,0,0,0,0,0,0,-51,0,0,0,0,0,0,0,0,0,0,0,-8,-2,-32,-53,-53,0,0,0,0,0,0,0,0,0,0,0,0,0,-53,-9,-9,-9,-9,-9,-9,-8,-8,0,0,0]} 1. e4 e6 2. d4 d5 3. Nc3 Bb4 4. e5 c5 5. a3 Bxc3+ 6. bxc3 Ne7 7. a4 Qa5 8. Bd2 Nbc6 9. Nf3 Bd7 10. Bd3 c4 {C19: French: 3 Nc3 Bb4: Main line: 7 Nf3 and 7 a4.} 11. Be2 f6 12. O-O O-O-O 13. Bc1 fxe5 14. dxe5 Ng6 {[#]} 15. Qd2 $146 ({Predecessor:} 15. Bd2 Ngxe5 16. Nd4 Nf7 17. Bg4 Rhe8 18. Qf3 Nfe5 19. Qe2 Nxg4 20. Nb5 e5 21. Nd6+ {0-1 (29) Marchioli,A-Mozes,E Krakow 1964}) 15... Ngxe5 16. Nxe5 Nxe5 17. Qe3 Nc6 18. Ba3 Qc7 ({Don't go for} 18... Qxa4 $2 19. Bd6 $18) 19. Bf3 (19. a5 $5) 19... Qe5 20. Qd2 g5 21. Rfe1 Qf5 22. Qe2 h5 23. g3 g4 24. Bg2 h4 25. Bd6 Rh7 (25... h3 $17 26. Bh1 Rh6) 26. Rad1 ({Better is} 26. gxh4 $15 Rxh4 27. Bg3) 26... Rdh8 (26... h3 $142 27. Bh1 Rf7) 27. Bf4 (27. gxh4 $17 {was called for.} Rxh4 28. Bg3) 27... Rh5 28. h3 (28. f3 $17 gxf3 29. Bxf3) 28... hxg3 $19 29. fxg3 gxh3 30. Bf3 {[#]} h2+ (30... Rh4 $3 $19 {[%mdl 512]} 31. Bd6 h2+ 32. Kh1 R4h6) 31. Kh1 $17 R5h7 32. Bg4 Qf6 {Threatens to win with ...Re7.} (32... Qg6 {is interesting.} 33. Bxe6 Re7 34. Bxd7+ Rxd7 35. Qe6 Qh5) 33. Bxe6 Bxe6 34. Qxe6+ Qxe6 35. Rxe6 Re7 36. Rxe7 Nxe7 $11 {[%mdl 4096] Endgame KRB-KRN} 37. g4 (37. Rd2 $11) 37... Ng6 (37... Kd7 $15) 38. Bg3 Rh3 39. Kg2 h1=Q+ 40. Rxh1 Rxh1 41. Kxh1 {KB-KN} Kd7 42. Kg2 a5 {[%cal Ba7a5,Ba5a4,Ba4a3,Ba3a2][%mdl 32]} 43. Kf2 b5 44. axb5 a4 {[#] ...a3 is the strong threat.} 45. b6 $1 {[%cal Bb5b6,Bb6b7][%mdl 32] Hoping for b7.} Ne7 ({Black should play} 45... Kc6 $15 46. b7 Kxb7) 46. b7 Nc6 47. Bf4 $1 a3 {And now ...a2 would win.} 48. Bc1 $1 {[%cal Rc1a3]} a2 49. Bb2 Kc7 50. Ke3 Kxb7 51. Ba1 Kc7 52. Kd2 ({White should try} 52. Kf4 $1 $11) 52... Ne5 53. g5 {The position is equal.} Nf3+ 54. Kc1 {aiming for g6.} Nxg5 55. Kb2 Nf3 56. Kxa2 Ne1 57. Kb1 Kd6 {Black had all chances to win.  Weighted Error Value: White=0.18/Black=0.19} 1/2-1/2

[Event "NED-ch Women 2021"]
[Site "Hoogeveen"]
[Date "2021.10.19"]
[Round "3.4"]
[White "Peng, Zhaoqin"]
[Black "Lanchava, Tea"]
[Result "1-0"]
[WhiteElo "2359"]
[BlackElo "2214"]
[Annotator "TA"]
[PlyCount "105"]
[EventDate "2021.10.17"]
[EventType "tourn"]
[EventCountry "NED"]
[SourceTitle "playchess.com"]
[Source "ChessBase"]
[SourceQuality "1"]

{[%evp 13,105,36,70,31,51,11,47,8,54,15,6,7,19,6,56,55,67,48,43,50,46,20,29,17,25,21,49,37,45,44,46,53,52,29,49,47,57,56,86,78,103,27,42,0,0,0,114,114,105,91,99,101,108,85,140,131,154,133,170,142,226,191,252,225,256,249,456,446,1100,1068,929,779,755,761,1411,1250,1203,1127,1028,869,1536,1484,1719,1773,29957,29957,8718,7617,29965,29963,29964,29962,29955,29947]} 1. e4 g6 2. d4 Bg7 3. c4 d6 4. Nc3 e5 5. Nf3 Nc6 6. Bg5 f6 7. Be3 Nh6 8. h3 {A42: Modern Defence: Averbakh Variation.} Nf7 9. c5 O-O {[#]} 10. cxd6 $146 {d5 is the strong threat.White is slightly better.} ({Predecessor:} 10. Bc4 exd4 11. Nxd4 Nce5 12. Bxf7+ Rxf7 13. cxd6 Qxd6 14. O-O Nc4 15. Re1 c6 16. Qe2 Nxe3 17. Qxe3 {0-1 (33) Douven,R (2399)-Pel,B (2301) Netherlands 2007}) 10... Nxd6 11. Qb3+ Kh8 $1 12. dxe5 fxe5 13. Rd1 a6 14. Be2 Qe8 15. O-O Be6 16. Qc2 h6 17. Nd5 Qf7 18. Bc5 {aiming for Nxc7!} Rfd8 19. Nc3 b6 20. Bxd6 cxd6 21. Nd5 Bxd5 22. exd5 Ne7 23. Qc7 b5 24. Bd3 Kg8 25. Be4 Qf6 26. Rc1 Rdc8 27. Qd7 (27. Qb6 $16) 27... Rd8 $1 $11 {[%cal Rd8d7]} 28. Qb7 Rdb8 29. Qc7 (29. Qd7 $11) 29... Rc8 $16 30. Qb6 {White leaves nothing to chance now.} Rcb8 31. Qe3 Rb7 32. g3 b4 33. Kg2 Rab8 (33... Nf5 $142 34. Qd3 Bf8) 34. b3 Rb5 35. Rfd1 R8b7 36. h4 Qf7 (36... Rd7 $16 37. Rc2 Kh8) 37. Qd3 Ra5 (37... Qf6 $142 38. Rc6 Nxc6 39. dxc6 {[%mdl 64] Discovered Attack} Rc7) 38. Rd2 Qe8 {[#]} 39. Rc6 $1 {[%mdl 512]} Nxc6 (39... Qb8 {was called for.} 40. Rdc2 (40. Rxa6 Rxa6 41. Qxa6 h5 $18) (40. Bxg6 Kh8 $16) 40... Qd8 41. Rxa6 (41. Bxg6 Nxc6 42. dxc6 Rc7 $16) 41... Rxa6 42. Qxa6 Rb8) (39... Qd8 40. Bxg6) 40. dxc6 $18 {[%mdl 64] Discovered Attack} Re7 (40... Ra7 $142 41. Qc4+ (41. Qxd6 Bf8 $16) 41... Qf7 42. Qxb4 {[%mdl 64] Double Attack} Rb5) 41. Qxd6 {[%mdl 64] Double Attack} Bf8 42. Qxb4 Rb5 43. Qc4+ Kg7 44. Rd6 Qf7 45. Rxg6+ Kh8 46. Qc3 Bg7 47. h5 Rb8 48. Nh4 Qf8 {[#]} 49. Rxh6+ $3 {[%mdl 576] Clearance} Bxh6 50. Ng6+ Kg7 51. Nxf8 {White mates.} Rxf8 52. c7 Rc8 53. Qc6 {Weighted Error Value: White=0.17/Black=0.61} 1-0

[Event "NED-ch Women 2021"]
[Site "Hoogeveen"]
[Date "2021.10.20"]
[Round "4.1"]
[White "Van Foreest, Machteld"]
[Black "Lanchava, Tea"]
[Result "0-1"]
[WhiteElo "2132"]
[BlackElo "2214"]
[Annotator "TA"]
[PlyCount "126"]
[EventDate "2021.10.17"]
[EventType "tourn"]
[EventCountry "NED"]
[SourceTitle "playchess.com"]
[Source "ChessBase"]
[SourceQuality "1"]

{[%evp 9,126,30,27,0,6,-10,-8,-1,11,-4,-4,-20,43,37,41,40,56,0,52,-20,53,34,37,39,35,30,38,45,36,36,41,34,57,47,72,25,45,0,20,18,43,0,-8,-55,-28,-28,-32,-85,-87,-81,-66,-131,11,10,30,21,108,105,129,111,166,-44,-79,-80,-105,-293,115,119,133,121,114,0,0,0,0,-70,-74,-122,147,126,124,137,114,120,133,138,131,135,159,164,413,407,767,767,921,926,1354,1352,1298,1308,1245,889,831,-768,-736,-766,-762,-753,-753,-744,-744,-847,-735,-691,-685,-1045,-1037,-928,-902]} 1. e4 g6 2. d4 Bg7 3. Nc3 a6 4. Nf3 b5 5. a3 d6 6. Be3 {B06: Modern Defence.} Bb7 {[#]} 7. Qd3 $146 ({Predecessor:} 7. Qd2 Nd7 8. h4 Ngf6 9. e5 dxe5 10. dxe5 Ng4 11. e6 fxe6 12. Ng5 Nf8 13. Qe2 Nxe3 14. Qxe3 {1-0 (53) Christiansen,J (2558)-Bachmann,A (2629) chess24.com INT 2019}) 7... Nd7 8. Be2 {The position is equal.} Rc8 9. O-O c5 10. Rfe1 c4 (10... cxd4 $11 11. Bxd4 (11. Nxd4 Ngf6 $11) 11... Ngf6) 11. Qd2 $14 e6 12. Rad1 Ne7 13. Bf4 (13. Bh6 $14 O-O 14. g3) 13... Qb6 (13... Nf6 $11) 14. e5 (14. h4 $14) 14... d5 (14... dxe5 $11 15. dxe5 (15. Nxe5 Rd8 $15) 15... Rd8) 15. Bg5 h6 16. Bxe7 Kxe7 17. h4 Kd8 18. Ra1 Bf8 19. Qf4 Rh7 20. a4 {[%cal Ba3a4,Ba4a5][%mdl 32]} b4 {[#]} 21. a5 $1 Qc7 (21... Qc6 22. Nd1) 22. Nd1 Be7 23. Qg3 Nb8 24. Ne3 Kd7 25. Rad1 Qxa5 26. Qg4 (26. h5 $5) 26... Ke8 27. h5 g5 28. Kh1 ({White should try} 28. c3 $15) 28... Nd7 29. Nh2 Qb6 30. c3 (30. Kg1 $15) 30... f5 ({Better is} 30... b3 $17 {aiming for ...a5.} 31. f4 a5) 31. exf6 $1 $11 Nxf6 32. Qh3 Ne4 (32... Rc7 $11 {keeps the balance.}) 33. Neg4 $16 bxc3 34. bxc3 Qa5 (34... Rb8 $16) 35. f3 $2 (35. Bf3 $18) 35... Nxc3 $15 36. Ra1 Qb6 37. Bf1 (37. Bxc4 $17 Rxc4 38. Nf6+ {[%mdl 64] Double Attack} Kf7 39. Nxh7) 37... Nb5 $2 {[#]} (37... Kd8 $19 38. f4 Qxd4 39. fxg5 hxg5) 38. Nf6+ $1 $16 {[%mdl 576] Double Attack} Kf7 39. Nxh7 {And now f4! would win.} Rh8 {[#]} 40. Ng4 Rxh7 $11 41. Ne5+ Ke8 $1 42. Ng6 (42. Bxc4 $11 dxc4 43. Nxc4 Qxd4 44. Qxe6 Qh4+ 45. Kg1) 42... Bc8 $15 43. Rab1 Bf6 $2 {[%mdl 8192]} ({But not} 43... Qxd4 $6 44. Rbd1 $11) (43... Rf7 $17 {stays on course.} 44. Be2 Qd6) 44. Qf5 $1 $16 {[%cal Rf5f6]} Be7 45. Nxe7 Rxe7 46. Qg6+ Kd7 47. Qxh6 Qxd4 48. Qxg5 {Hoping for Rbd1.} Nd6 49. Rbd1 Qf2 {[#]} (49... Rg7 {is a better defense.}) 50. Bxc4 $1 $18 {[%mdl 512]} Bb7 (50... Nxc4 $142 51. Rxd5+ exd5 52. Qxe7+ Kc6 53. Qf6+ Nd6 54. Rc1+ Kd7) 51. Bd3 Nf7 52. Qf6 Nd6 53. h6 Ne8 54. Qg5 Bc6 55. Re2 Qd4 56. h7 $4 {[%mdl 8192] [#]} (56. Ra2 $18) 56... Rxh7+ $1 $19 {[%mdl 512] Black is clearly winning.} 57. Bxh7 Qxd1+ {[%mdl 64] Double Attack} 58. Kh2 Qxe2 59. Bg6 Qb2 60. Qh6 Qe5+ 61. f4 Qd6 62. Qh8 Qxf4+ 63. Kh3 Nc7 {Both players deserved the win here.  Weighted Error Value: White=0.52/Black=0.49} 0-1